Sports Quiz

Random Sports Quiz

Tottenham Hotspur Team 1987 FA Cup Final Team Quiz Stats

 Plays Quiz not verified by Sporcle

Score 0/13 Timer 05:00
0 Plays Today
Hint % Correct
Clive Allen
95.5%
Gary Mabbutt
94.4%
Ray Clemence
92.1%
Chris Waddle
88.8%
Glenn Hoddle
88.8%
Paul Allen
80.9%
Steve Hodge
76.4%
Chris Hughton
70.8%
Mitchell Thomas
70.8%
Richard Gough
69.7%
Nico Claesen
52.8%
Gary Stevens
46.1%
Osvaldo Ardilles
14.6%

You're not logged in!

Compare scores with friends on all Sporcle quizzes.
OR
Log In

Sporcle TV

Today on Sporcle TV


Watch our educational content, quiz creation guides, and fun videos on Sporcle TV.

Show Comments

Extras

Created Dec 29, 2014ReportNominate
Tags:1987, cup, final, team, Tottenham Hotspur

Top Quizzes Today


Score Distribution

Your Account Isn't Verified!

In order to create a playlist on Sporcle, you need to verify the email address you used during registration. Go to your Sporcle Settings to finish the process.

Report this User

Report this user for behavior that violates our Community Guidelines.

Details: